| 000 | 00478nam a2200169Ia 4500 | ||
|---|---|---|---|
| 001 | 23573 | ||
| 005 | 20260414150946.0 | ||
| 008 | 260414t2015||||xx |||||||||||||| ||spa|| | ||
| 041 | _aESP | ||
| 082 |
_a670 _bH44 |
||
| 100 |
_aHernández López, Gabriel _eAUT |
||
| 245 | 0 |
_aFundamentos y planeación de la manufactura automatizada : _bun enfoque de los sistemas integrados de la manufactura |
|
| 260 | _c2015 | ||
| 650 | _aTCA | ||
| 654 | _aCII | ||
| 942 |
_cLIB _dJUS _fJUS _2ddc _n |
||
| 999 |
_c23573 _d23573 |
||